Sklo 20. století

Bibliographic Details
Main Authors: Miller, Judith, 1951- (Author), Leibe, Frankie (Author), Hill, Mark (Author)
Other Authors: Rac, Graham (Photographer), Schubertová, Markéta (Translator)
Format: Book
Language:Czech
English
PhysicalDescription:240 s. fareb. fotogr. 29 cm
Published: Bratislava Noxi 2005
ISBN:8089179215
Edition:1. vyd.
Series:Průvodce pro sběratele
Subjects:

MARC

LEADER 00000nam a2200000 a 4500
001 vtls008426841
003 SK-MaSNL
005 20260301053028.0
008 240318s2005 xo o f 001 0 cze
015 |a SNBA2006/05-02578 
020 |a 8089179215  |q (viaz.) 
035 |a A8D1680B-46C3-45D9-A170-EBBFAB98DF01 
035 |a urn:nbn:sk:snk-amksk1 
035 |a urn:nbn:sk:snk-am00580o 
040 |a SNK  |b slo  |c SNK  |e AACR2 
041 1 |a cze  |h eng 
044 |a xo  |c SK 
072 7 |a 666  |x Sklárstvo. Keramika. Cement  |2 konspekt 
080 |a 929  |2 1997 
080 |a (048.8)  |2 1997 
080 |a 666.1/.2(091)  |2 1997 
100 1 |a Miller, Judith,  |d 1951-  |4 aut  |9 92624 
240 1 0 |a 20th-century glass  |l Česky 
245 1 0 |a Sklo 20. století  |c Judith Millerová, Frankie Leibe a Mark Hill ; fotografie Graham Rac ... [et al.] ; [z anglického originálu přeložila Markéta Schubertová] 
246 3 |a The twentieth century glass 
250 |a 1. vyd. 
260 |a Bratislava  |b Noxi  |c 2005 
300 |a 240 s.  |b fareb. fotogr.  |c 29 cm 
490 1 |a Průvodce pro sběratele 
500 |a Fareb. fotogr. na front. 
504 |a Slovníček. Reg. Zoz. 
650 0 7 |a sklo  |y 20. stor.  |2 SNKPH  |9 362847 
650 0 7 |a osobnosti  |2 SNKPH  |9 29820 
655 7 |a monografie  |2 SNKPH  |9 70139 
700 1 |a Leibe, Frankie  |4 aut  |9 362848 
700 1 |a Hill, Mark  |4 aut  |9 362849 
700 1 |a Rac, Graham  |4 pht  |9 362850 
700 1 |a Schubertová, Markéta  |4 trl  |9 362851 
830 0 |a Průvodce pro sběratele  |9 362852 
919 |a 80-89179-21-5 
968 |a ČES  |b ENG  |d 66/69 
999 |c 607239  |d 609169 
952 |a SNK  |b SNK  |y PREZ  |7 0  |p 17A0496460  |o snkSB 71624  |i snk2006/1861  |8 0  |0 0  |1 0  |4 0  |d 2006-01-30  |l 0  |r 2025-04-23 00:00:00  |w 2026-02-23 
952 |a SNK  |b SNK  |y VYP  |7 0  |p 17A0496461  |o snkSB 71624 D1  |i snk2006/1862  |8 0  |0 0  |1 0  |4 0  |d 2006-01-30  |f 1  |l 0  |r 2016-06-30 00:00:00  |w 2026-02-23